| 000 | 00698nam a2200217Ii 4500 | ||
|---|---|---|---|
| 020 | _a9789251087138 | ||
| 020 | _a925108713X | ||
| 040 | _cDJB | ||
| 082 | _a807 FOO 2014 A096 Or. | ||
| 245 | 0 | 0 | _aPAAT Programme Against African Trypanosomiasis. |
| 246 | 3 | _aProgramme Against African Trypanosomiasis | |
| 246 | 3 | 0 | _aTsetse and trypanosomosis information |
| 300 |
_avi, 123 pages : _billustrations ; _c22 cm |
||
| 650 | 0 | _aTrypanosomiasis in animals | |
| 650 | 0 | _aTsetse-flies | |
| 650 | 0 | _aVeterinary protozoology | |
| 700 | 1 | _aDargie, James D., | |
| 710 | 2 | _aProgramme Against African Trypanosomosis. | |
| 710 | 2 | _aFood and Agriculture Organization of the United Nations. | |
| 942 | _cEK | ||
| 999 |
_c15057 _d15057 |
||